Responses for show #2374 - Thursday, December 22, 1994

Contestants

[<< previous game]

Peter Blatman, a computer consultant from San Francisco, California

Judy Pinder, a teacher from Fair Lawn, New Jersey

Richard Rasmussen, a probation officer from Walnut Creek, California (whose 2-day cash winnings total $28,600)

Jeopardy! Round responses

POLAND
WOMEN ON ICE
FOOD
GRAMMAR
ARCHITECTURE
POLISH
    $100 6
Lech Walesa

Judy
    $100 1
(Peter: Who is Peggy Fleming?)

Dorothy Hamill

RichardPeter
    $100 21
navel

Richard
    $100 14
verb

Richard
    $100 8
Paris

Judy
    $100 26
spit

Richard
    $200 7
vodka

Peter
    $200 2
Sonja Henie

Richard
    $200 22
salmon

Richard
    $200 15
proper noun

Peter
    $200 9
marble

Richard
    $200 27
chamois

Richard
    $300 13
Copernicus

Peter
    $300 3
(Jane) Torvill

Richard
    $300 23
gravy

Peter
    $300 16
infinitives

Richard
    $300 10
roof

Richard
    $300 28
Pledge

Richard
    $400 19
Warsaw Pact

Richard
    $400 4
Katarina Witt

Judy
    $400 24
(hot) cross buns

Judy
    $400 17
down and across

Richard
    $400 11
Buckminster Fuller

Richard
    $400 29
nail polish

Richard
    $2,000 20
(Richard gave his response so it sounded like a "v" at the end.)

Krakow

Richard
    $500 5
(Peter: Who is Oksana Baiul?)

Kristi Yamaguchi

RichardPeter
    $500 25
(Peter gave no response.)

falafel

Peter
Triple Stumper
    $500 18
diagram

Richard
    $500 12
(Judy: What is ziggurat?)

minaret

RichardJudy
    $500 30
(Alex: I have a feeling that may be the highest total we've ever had in the Jeopardy! Round. Congratulations to you.)

burnish

Richard

Scores at the first commercial break (after clue 15):

Richard Judy Peter
$2,600 $100 $100

Scores at the end of the Jeopardy! Round:

Richard Judy Peter
$8,000 $500 -$100

Double Jeopardy! Round responses

AMERICAN HISTORY
BOTANY
NEWSPAPERS
CIVIL WARS
RELIGION
NOVEL FILMS
    $200 7
Rose Bowl

Richard
    $200 6
trunk

Richard
    $200 12
Alabama

Peter
    $200 22
Mexico

Peter
    $200 17
Muhammad

Richard
    $200 1
Larry McMurtry

Richard
    $400 8
Progress

Richard
    $400 27
buds

Peter
    $400 13
New York

Judy
    $400 23
Franco

Richard
    $400 18
bar mitzvah

Triple Stumper
    $400 2
Ship of Fools

Richard
    $600 9
Parson Weems

Richard
    $600 28
fern

Richard
    $600 14
Miami Herald

Judy
    $600 24
(Peter: What is Venezuela?)

Argentina

JudyPeter
    $600 19
Baha'i

Triple Stumper
    $600 3
David Copperfield

Richard
    $2,400 10
Zachary Taylor

Richard
    $800 29
water lily

Richard
    $800 15
Mussolini

Richard
    $800 25
Lebanon

Richard
    $800 20
Bishop Sheen

Peter
    $800 4
Edna Ferber

Richard
    $1000 11
Omar Bradley

Judy
    $2,400 30
(Richard: No idea.)

mushroom

Richard
    $1000 16
(Peter: What is the Phoenix Sun?)

Arizona Republic

Peter
Triple Stumper
    $1000 26
Nigeria

Triple Stumper
    $1000 21
pantheism

Richard
    $1000 5
The Trial

Peter

Scores at the end of the Double Jeopardy! Round:

Richard Judy Peter
$16,000 $3,100 $900
(lock game)

[wagering suggestions for these scores]

Final Jeopardy! Round responses

COUNTRIES OF THE WORLD
PeterWhat is the United States
$899
JudyWhat is the U.S.
$1,000
RichardWhat is the United States?
$4,000
France

Final scores:

Richard Judy Peter
$12,000 $2,100 $1
3-day champion: $40,600 2nd place: Gateway 2000 PC and Bush Industries executive's desk 3rd place: Academy Broadway camping gear

Game dynamics:

Coryat scores:

Richard Judy Peter
$15,300 $3,100 $900
37 R
(including 2 DDs),
1 W
(including 1 DD)
8 R,
1 W
9 R,
5 W

Combined Coryat: $19,300

The J! Archive is created by fans, for fans. The Jeopardy! game show and all elements thereof, including but not limited to copyright and trademark thereto, are the property of Jeopardy Productions, Inc. and are protected under law. This website is not affiliated with, sponsored by, or operated by Jeopardy Productions, Inc. Join the discussion at JBoard.tv.